Evolúcia v auditovaní a ochrane databáz

Bibliographic Details
Main Author: Hrapko, Juraj (Author)
Format: Article
Language:Slovak

MARC

LEADER 00000nab a2200000ua 4500
001 vtls010773411
003 SK-MaSNL
005 20260303104811.0
008 230121s2012 xo |||||||||||||||||slo|
035 |a (urnnbn)urn:nbn:sk:snk:ar-a01v6t 
035 |a (uuid)9f035503-bc62-4a7b-a37a-7f19271b990e 
035 |a urn:nbn:sk:snk-ab4gub 
040 |a SNKBUCL  |b slo  |c SNKBUCL  |e AACR2 
041 0 |a slo 
044 |a xo  |c SK 
100 1 |a Hrapko, Juraj  |4 aut  |9 1119614 
245 1 0 |a Evolúcia v auditovaní a ochrane databáz  |c Juraj Hrapko 
773 0 |t InfoWare : magazín IT profesionálov  |g Roč. 8, č. 12 (2012), s. 42 
954 |a odborná, vedecká literatúra pôvodná (slovenská)  |2 lita 
958 |a OND 
958 |a EUIPO 
958 |a article3 
999 |c 1858644  |d 1860574